LEADER 00883nam a22002177i 4500 001 000000330743 003 CaOOAMICUS 005 20181016152625.0 008 181016m2008 it d z011 d ita 040 $bSe$dMil 240 12$aI sette vizi capitali.$0(OLS)http://semarc/title/419251 245 12$aI 7 vizi capitali /$ca cura di Carlo Galli. 264 1$aBologna :$bIl Mulino,$c2009- 300 $a v. ;$c20 cm 490 0 $aIntersezioni 700 1 $aGalli, Carlo,$d <1950- >.$0(OLS)http://semarc/name/108310 774 0 $aZamagni, Stefano <1943- >$tAvarizia.$dBologna : Il Mulino, 2009 (stampa 2010)$kIntersezioni$z978-88-15-13158-4$w()330744 830 0$aIntersezioni.$0(OLS)http://semarc/title/6889 996 $6245$aI 7 vizi capitali$9(OLS)http://semarc/title/419250 996 $6264$aBologna :$bIl Mulino$9(OLS)http://semarc/publisher/29842 LEADER 01247nam a2200277 4500 001 000000353927 003 CaOOAMICUS 005 20230523115104.0 008 230522s2022 it 000 u ita r 020 $a978-88-311-6593-8 040 $aSeMil$bita 100 1 $aCoda, Piero,$d<1955- >.$0(OLS)http://semarc/name/325 245 10$aChiesa sinodale nell'oggi della storia :$bla via del discernimento comunitario /$cPiero Coda ; a cura di Alessandro Clemenzia. 264 1$aRoma :$bCittà Nuova,$c2022. 300 $a194 p. ;$c21 cm 490 1 $aFCL. Orientamenti 650 4$aChiesa cattolica.$0(OLS)http://semarc/subject/3079 700 1 $aClemenzia, Alessandro,$d<1981- >.$0(OLS)http://semarc/name/77528 830 0$aFCL. Orientamenti.$0(OLS)http://semarc/title/419042 850 $aSeMil 852 $aSeMil$W1$xVenegono$y1$m2B III 7$j240798$B245132$CSeMilBibl$Z2$F245132 $81 961 $aPerego don Stefano - Omaggio 996 $6020$a978-88-311-6593-8$9(OLS)http://semarc/number/298238 996 $6245$aChiesa sinodale nell'oggi della storia :$bla via del discernimento comunitario$9(OLS)http://semarc/title/444072 996 $6264$aRoma :$bCittà Nuova$9(OLS)http://semarc/publisher/29609